000 00294nam a22001097a 4500
008 160518b xxu||||| |||| 00| 0 eng d
020 _a0838555780
041 _aeng
080 _a618.2
245 _aLaboratory and diagnostic tests with nursing implications:
_cjoyce LeFever Kee;
942 _2udc
_cBK
999 _c2205
_d2205